Statybos ekonomika ir organizavimas 7

Salvato in:
Dettagli Bibliografici
Natura: Libro
Lingua:lituano
Pubblicazione: Vilnius Mokslas 1979
Tags: Aggiungi Tag
Nessun Tag, puoi essere il primo ad aggiungerne!!

MARC

LEADER 00000nam a2200000 4500
001 c140255
005 20231103122129.7
041 0 |a lit 
044 |a LT 
245 1 0 |a Statybos ekonomika ir organizavimas 7 
264 1 |a Vilnius  |b Mokslas  |c 1979 
300 |a 81 s.